000 00471nam a2200169Ia 4500
999 _c13783
_d13783
003 OSt
005 20201023124503.0
008 190216s9999||||xx |||||||||||||| ||und||
040 _coclc
082 _a823.914
_bSHO/S
100 _aShobha De
_95892
245 0 _aSisters /
_cShobha De
260 _bPenguin Books,
_c1992.
_aNew zealand :
300 _a222p
650 _aNovel&Amp;Short Stories
942 _cBK
_2ddc
_h823.914
_iSHO/S
_k823.914
_mSHO/S